<?xml version="1.0" encoding="UTF-8"?>
<record
    xmlns:xsi="http://www.w3.org/2001/XMLSchema-instance"
    xsi:schemaLocation="http://www.loc.gov/MARC21/slim http://www.loc.gov/standards/marcxml/schema/MARC21slim.xsd"
    xmlns="http://www.loc.gov/MARC21/slim">

  <leader>02840cam a2200349 a 4500</leader>
  <datafield tag="999" ind1=" " ind2=" ">
    <subfield code="c">23681</subfield>
    <subfield code="d">23681</subfield>
  </datafield>
  <controlfield tag="001">15294693</controlfield>
  <controlfield tag="003">OSt</controlfield>
  <controlfield tag="005">20170127085914.0</controlfield>
  <controlfield tag="008">080508s2009    ctuabe        001 0 eng  </controlfield>
  <datafield tag="010" ind1=" " ind2=" ">
    <subfield code="a">  2008021330</subfield>
  </datafield>
  <datafield tag="015" ind1=" " ind2=" ">
    <subfield code="a">GBA8C6017</subfield>
    <subfield code="2">bnb</subfield>
  </datafield>
  <datafield tag="016" ind1="7" ind2=" ">
    <subfield code="a">014793900</subfield>
    <subfield code="2">Uk</subfield>
  </datafield>
  <datafield tag="020" ind1=" " ind2=" ">
    <subfield code="a">9780300121810 (cloth : alk. paper)</subfield>
  </datafield>
  <datafield tag="020" ind1=" " ind2=" ">
    <subfield code="a">0300121814 (cloth : alk. paper)</subfield>
  </datafield>
  <datafield tag="035" ind1=" " ind2=" ">
    <subfield code="a">(OCoLC)ocn228503229</subfield>
  </datafield>
  <datafield tag="040" ind1=" " ind2=" ">
    <subfield code="a">DLC</subfield>
    <subfield code="c">DLC</subfield>
    <subfield code="d">BTCTA</subfield>
    <subfield code="d">OCLCG</subfield>
    <subfield code="d">UKM</subfield>
    <subfield code="d">YDXCP</subfield>
    <subfield code="d">C#P</subfield>
    <subfield code="d">BWX</subfield>
    <subfield code="d">CDX</subfield>
    <subfield code="d">YBM</subfield>
    <subfield code="d">BON</subfield>
    <subfield code="d">VP@</subfield>
    <subfield code="d">NLE</subfield>
    <subfield code="d">CQU</subfield>
    <subfield code="d">DLC</subfield>
  </datafield>
  <datafield tag="050" ind1="0" ind2="0">
    <subfield code="a">NA737.J6</subfield>
    <subfield code="b">P57 2009</subfield>
  </datafield>
  <datafield tag="082" ind1="0" ind2="0">
    <subfield code="a">720.92</subfield>
    <subfield code="2">22</subfield>
  </datafield>
  <datafield tag="245" ind1="0" ind2="0">
    <subfield code="a">Philip Johnson :</subfield>
    <subfield code="b">the constancy of change /</subfield>
    <subfield code="c">edited by Emmanuel Petit ; foreword by Robert A.M. Stern ; essays by Beatriz Colomina ... [et al.].</subfield>
  </datafield>
  <datafield tag="260" ind1=" " ind2=" ">
    <subfield code="a">New Haven :</subfield>
    <subfield code="b">Yale University Press :</subfield>
    <subfield code="b">In association with the Yale University School of Architecture,</subfield>
    <subfield code="c">c2009.</subfield>
  </datafield>
  <datafield tag="300" ind1=" " ind2=" ">
    <subfield code="a">ix, 278 p. :</subfield>
    <subfield code="b">ill. (some col.), maps, plans ;</subfield>
    <subfield code="c">28 cm.</subfield>
  </datafield>
  <datafield tag="500" ind1=" " ind2=" ">
    <subfield code="a">Includes index.</subfield>
  </datafield>
  <datafield tag="505" ind1="0" ind2=" ">
    <subfield code="a">Roaming through history -- Philip Johnson: art and irony / Vincent Scully -- The autobiographical house: around a haunted hearth / Kurt W. Forster -- Philip Johnson: act one, scene one -- The museum of modern art? / Terence Riley with Joshua Sacks -- Johnson on TV / Beatriz Colomina -- Society, power, and politics -- The figurehead: on monumentality and Nihilism in Philip Johnson's life and work / Joan Ockman -- Liquidity: architecture and oil / Reinhold Martin -- Philip Johnson's empire: network power and the AT&amp;T building / Kazys Varnelis -- Philip Johnson and the smile of Medusa / Charles Jencks -- The plot against architecture / Michael Sorkin -- Reckoning with modernism -- The delicacy of modern tastes / Detlef Mertins -- Playboy architecture then and now / Stanislaus von Moos -- Philip Johnson: breaking with modernism--the "whence &amp; whither" of it / Phillis Lambert -- Reaction design / Mark Wigley -- Theory -- Philip Johnson: romanticism and disintegration / Peter Eisenman -- Philip Johnson and the rhetoric of the new: Panta Rhei versus the avant-garde / Ujjval Vyas -- Working out Johnson's role in history / Mark Jarzombek -- The new canaan estate: a gallery.</subfield>
  </datafield>
  <datafield tag="600" ind1="1" ind2="0">
    <subfield code="a">Johnson, Philip,</subfield>
    <subfield code="d">1906-2005</subfield>
    <subfield code="x">Criticism and interpretation.</subfield>
  </datafield>
  <datafield tag="650" ind1=" " ind2="0">
    <subfield code="a">Architecture</subfield>
    <subfield code="z">United States</subfield>
    <subfield code="x">History</subfield>
    <subfield code="y">20th century.</subfield>
  </datafield>
  <datafield tag="650" ind1=" " ind2="0">
    <subfield code="a">Architects</subfield>
    <subfield code="z">United States.</subfield>
  </datafield>
  <datafield tag="700" ind1="1" ind2=" ">
    <subfield code="a">Petit, Emmanuel,</subfield>
    <subfield code="d">1973-</subfield>
  </datafield>
  <datafield tag="700" ind1="1" ind2=" ">
    <subfield code="a">Colomina, Beatriz.</subfield>
  </datafield>
  <datafield tag="856" ind1="4" ind2="1">
    <subfield code="3">Table of contents only</subfield>
    <subfield code="u">http://www.loc.gov/catdir/toc/ecip0818/2008021330.html</subfield>
  </datafield>
  <datafield tag="906" ind1=" " ind2=" ">
    <subfield code="a">7</subfield>
    <subfield code="b">cbc</subfield>
    <subfield code="c">orignew</subfield>
    <subfield code="d">1</subfield>
    <subfield code="e">ecip</subfield>
    <subfield code="f">20</subfield>
    <subfield code="g">y-gencatlg</subfield>
  </datafield>
  <datafield tag="942" ind1=" " ind2=" ">
    <subfield code="2">lcc</subfield>
    <subfield code="c">BOOKS</subfield>
    <subfield code="h">NA 737 .J6P57 2009</subfield>
  </datafield>
  <datafield tag="952" ind1=" " ind2=" ">
    <subfield code="0">0</subfield>
    <subfield code="1">0</subfield>
    <subfield code="2">lcc</subfield>
    <subfield code="4">0</subfield>
    <subfield code="7">0</subfield>
    <subfield code="a">MUC</subfield>
    <subfield code="b">MUC</subfield>
    <subfield code="c">TECH</subfield>
    <subfield code="d">2017-01-27</subfield>
    <subfield code="e">Donation (BFA)</subfield>
    <subfield code="l">0</subfield>
    <subfield code="o">NA 737 .J6P57 2009</subfield>
    <subfield code="p">32461</subfield>
    <subfield code="r">2018-07-06</subfield>
    <subfield code="w">2017-01-27</subfield>
    <subfield code="y">BOOKS</subfield>
  </datafield>
</record>
